Normal view
MARC view
- Brackney, Megan L.
Entry Personal Name
001 - CONTROL NUMBER
- control field: 43587
003 - CONTROL NUMBER IDENTIFIER
- control field: OSt
005 - DATE AND TIME OF LATEST TRANSACTION
- control field: 20210907112036.0
008 - FIXED-LENGTH DATA ELEMENTS
- fixed length control field: 210907|| aca||aabn | a|a d
040 ## - CATALOGING SOURCE
- Original cataloging agency: OSt
- Transcribing agency: OSt
100 ## - HEADING--PERSONAL NAME
- Personal name: Brackney, Megan L.
670 ## - SOURCE DATA FOUND
- Source citation: Work cat.: (OSt): Brackney, Megan L., Filing amended and current returns in cases of past noncompliance:, ©2016.
